• 首页
  • 本馆介绍
  • 公告通知
  • 最新文献
  • 馆藏检索
  • 电子资源
  • 读者导购
  • 参考咨询
  • 我的图书馆
  • 登录
  • 详细信息显示
  • 放入我的书架
  • 预约/预借图书
  • 作者相关作品
  • 分类相关作品
  • 丛书相关作品
  • 出版社相关作品

书目信息

  • 表格格式
  • 工作单格式
  • 卡片格式
题名:
中国灯谜辞典
    
 
作者: 江更生 , 朱育民 主编
分册:  
出版信息: 山东   齐鲁书社  1990.2
页数: 498页
开本: 20cm
丛书名:
单 册:
中图分类: I277.8
科图分类:
主题词: 民间文学--中国
电子资源:
ISBN:
000 00583nam0 2200205 45
001 0312221749
005 20031222170954.2
010    @dCNY9.90
100    @a20031222d1990 km y0chiy0120 ea
101    @achi
105    @a z 000yy
200 1  @a中国灯谜辞典@AZhong Guo Deng Mi Ci Dian@f江更生,朱育民主编@FJiang Geng Sheng,Zhu Yu Min Zhu Bian
210    @a山东@c齐鲁书社@d1990.2
215    @a498页@d20cm
606 0  @a民间文学@x中国
690    @aI277.8@v3
701 0  @a江更生@4主编
701 0  @a朱育民@4主编
801    @aCN@bTSTCL@c20031222
905    @a213230@dI277.8@e109@b231686@f1
    
    中国灯谜辞典/江更生,朱育民主编.-山东:齐鲁书社,1990.2
    498页;20cm
    
    
    ISBN :CNY9.90
    
●
相关链接 在E读中查询图书 在五车中查询图书 在当当中查询图书 在豆瓣中查询图书


正题名:中国灯谜辞典     索取号:I277.8/109         预约/预借

序号 登录号 条形码 馆藏地/架位号 状态 备注
1 0231686   000808237   第一样本阅览室/ [索取号:I277.8/109] 在馆    
唐山师范学院图书馆 欢迎您!
大连网信软件有限公司© 版权所有